NBA 2K23 Top 10 Shooting Guards - Statistics

General Stats
  • This quiz has been taken 515 times
  • The average score is 5 of 10
Answer Stats
Rating Player % Correct
91 Devin Booker
80%
86 Anthony Edwards
78%
89 James Harden
61%
88 Donovan Mitchell
60%
88 Zach LaVine
42%
87 Bradley Beal
41%
88 Paul George
38%
85 C.J. McCollum
29%
84 Tyler Herro
26%
84 Tyrese Haliburton
15%
No matching quizzes found
Score Distribution
Percent of People with Each Score
Percentile by Number Answered
Your Score History
You have not taken this quiz